000 00581nam a2200205 u 4500
005 20240228064106.0
008 121026s2007 r 000 0 eng d
020 _a843055601X
035 _aUPN01000188061
049 _aI
050 4 _aPZ71
_bC8.3676
245 0 0 _aCuentos en 1 minuto /
_ced. Ana Doblado ; il. Elena García Aubert.
260 _aMadrid :
_bSusaeta,
_c[2007]
300 _a43 p. :
_bil. col.
440 0 _aCuentos rápidos
650 4 _aCuentos infantiles
_96744
650 4 _aLibros y lectura para niños
_92290
905 _aInfantil
999 _c160164
_d160164